000 00563nam a2200217Ia 4500
003 OSt
005 20220928135938.0
006 a|||||r|||| 00| 0
007 ta
008 220927b |||||||| |||| 00| 0 eng d
024 _a5592
037 _cTextual
040 _aSDCL
_cSDCL
_beng
041 _2eng
_aeng
082 _aO-,2J64:g(S:55), N6
100 _aWilliams Gordon
245 0 _aShakespeare, sex and the print revolution.
260 _c1996
942 _hO-,2J64:g(S:55), N6
_cTEXL
_2CC
999 _c809047
_d809047